| 000 | 006140000a22001330004500 | ||
|---|---|---|---|
| 001 | 14072 | ||
| 041 | 0 | _aSPA | |
| 082 | 0 | 4 | _aAV 0202 |
| 110 | 1 | _aCentro Evangélico Latinoamericano de Estudios Pastorales CELEP | |
| 245 | 1 | 0 | _aIglesias en transformación : Un boletín de renovación personal y congregacional / CELEP |
| 300 | _a12 Pág. | ||
| 505 | 0 | 0 | _a- La cultura : Cauce o traba al comunicar nuestra fe. Savage, Pedro - Proclamemos las buenas nuevas del Reino. Costas, Orlando - Comentarios : La comunicación nunca es fácil - El desafío de la comunicación del evangelio. Urberto Barbiere, Sante |
| 942 | _cBK | ||
| 999 |
_c42985 _d42985 |
||